Vainqueurs en Coupe du Monde de Biathlon depuis 2015-2016 (Femmes) - Statistics

General Stats
  • This quiz has been taken 20 times
  • The average score is 123 of 217
Answer Stats
Saison Lieu Date Spécialité Biathlète Nationalité % Correct
2015-2016 Oestersund 03/12/2015 Individuel Dorothea Wierer Italie
94%
2017-2018 Annecy-Le Grand Bornand 17/12/2017 Mass Start Justine Braisaz-Bouchet France
94%
2019-2020 Oestersund 05/12/2019 Individuel Justine Braisaz-Bouchet France
94%
2021-2022 Antholz-Anterselva 21/01/2022 Individuel Justine Braisaz-Bouchet France
94%
2021-2022 Oslo Holmenkollen 20/03/2022 Mass Start Justine Braisaz-Bouchet France
94%
2023-2024 Lenzerheide 14/12/2023 Sprint Justine Braisaz-Bouchet France
94%
2023-2024 Lenzerheide 16/12/2023 Poursuite Justine Braisaz-Bouchet France
94%
2023-2024 Lenzerheide 17/12/2023 Mass Start Justine Braisaz-Bouchet France
94%
2023-2024 Oberhof 05/01/2024 Sprint Justine Braisaz-Bouchet France
94%
2023-2024 Soldier Hollow 08/03/2024 Sprint Justine Braisaz-Bouchet France
94%
2024-2025 Annecy-Le Grand Bornand 20/12/2024 Sprint Justine Braisaz-Bouchet France
94%
2018-2019 Oberhof 10/01/2019 Sprint Lisa Vittozzi Italie
94%
2018-2019 Oberhof 12/01/2019 Poursuite Lisa Vittozzi Italie
94%
2022-2023 Ruhpolding 12/01/2023 Individuel Lisa Vittozzi Italie
94%
2023-2024 Oestersund 26/11/2023 Individuel Lisa Vittozzi Italie
94%
2023-2024 Ruhpolding 14/01/2024 Poursuite Lisa Vittozzi Italie
94%
2023-2024 Canmore 14/03/2024 Sprint Lisa Vittozzi Italie
94%
2023-2024 Canmore 16/03/2024 Poursuite Lisa Vittozzi Italie
94%
2025-2026 Hochfilzen 14/12/2025 Poursuite Lisa Vittozzi Italie
94%
2019-2020 Kontiolahti 14/03/2020 Poursuite Julia Simon France
88%
2020-2021 Oberhof 17/01/2021 Mass Start Julia Simon France
88%
2020-2021 Antholz-Anterselva 23/01/2021 Mass Start Julia Simon France
88%
2021-2022 Otepaeae 11/03/2022 Sprint Julia Simon France
88%
2022-2023 Kontiolahti 04/12/2022 Poursuite Julia Simon France
88%
2022-2023 Hochfilzen 10/12/2022 Poursuite Julia Simon France
88%
2022-2023 Ruhpolding 15/01/2023 Mass Start Julia Simon France
88%
2023-2024 Oberhof 06/01/2024 Poursuite Julia Simon France
88%
2023-2024 Antholz-Anterselva 21/01/2024 Mass Start Julia Simon France
88%
2024-2025 Nove Mesto Na Morave 08/03/2025 Poursuite Julia Simon France
88%
2024-2025 Pokljuka 13/03/2025 Individuel Julia Simon France
88%
2023-2024 Oestersund 01/12/2023 Sprint Lou Jeanmonnot France
88%
2023-2024 Oestersund 03/12/2023 Poursuite Lou Jeanmonnot France
88%
2023-2024 Soldier Hollow 10/03/2024 Poursuite Lou Jeanmonnot France
88%
2023-2024 Canmore 17/03/2024 Mass Start Lou Jeanmonnot France
88%
2024-2025 Kontiolahti 04/12/2024 Individuel Lou Jeanmonnot France
88%
2024-2025 Hochfilzen 14/12/2024 Poursuite Lou Jeanmonnot France
88%
2024-2025 Oberhof 11/01/2025 Poursuite Lou Jeanmonnot France
88%
2024-2025 Ruhpolding 16/01/2025 Individuel Lou Jeanmonnot France
88%
2024-2025 Antholz-Anterselva 23/01/2025 Sprint Lou Jeanmonnot France
88%
2024-2025 Antholz-Anterselva 25/01/2025 Poursuite Lou Jeanmonnot France
88%
2024-2025 Pokljuka 15/03/2025 Mass Start Lou Jeanmonnot France
88%
2024-2025 Oslo Holmenkollen 22/03/2025 Poursuite Lou Jeanmonnot France
88%
2025-2026 Hochfilzen 12/12/2025 Sprint Lou Jeanmonnot France
88%
2025-2026 Annecy-Le Grand Bornand 20/12/2025 Poursuite Lou Jeanmonnot France
88%
2015-2016 Ruhpolding 14/01/2016 Individuel Dorothea Wierer Italie
81%
2015-2016 Canmore 06/02/2016 Mass Start Dorothea Wierer Italie
81%
2017-2018 Ruhpolding 11/01/2018 Individuel Dorothea Wierer Italie
81%
2018-2019 Hochfilzen 13/12/2018 Sprint Dorothea Wierer Italie
81%
2018-2019 Antholz-Anterselva 26/01/2019 Poursuite Dorothea Wierer Italie
81%
2019-2020 Oestersund 01/12/2019 Sprint Dorothea Wierer Italie
81%
2019-2020 Hochfilzen 13/12/2019 Sprint Dorothea Wierer Italie
81%
2020-2021 Kontiolahti 28/11/2020 Individuel Dorothea Wierer Italie
81%
2021-2022 Antholz-Anterselva 23/01/2022 Mass Start Dorothea Wierer Italie
81%
2022-2023 Antholz-Anterselva 19/01/2023 Sprint Dorothea Wierer Italie
81%
2022-2023 Oestersund 09/03/2023 Individuel Dorothea Wierer Italie
81%
2022-2023 Oestersund 12/03/2023 Mass Start Dorothea Wierer Italie
81%
2025-2026 Oestersund 02/12/2025 Individuel Dorothea Wierer Italie
81%
2018-2019 Ruhpolding 20/01/2019 Mass Start Franziska Preuss Allemagne
81%
2024-2025 Hochfilzen 13/12/2024 Sprint Franziska Preuss Allemagne
81%
2024-2025 Annecy-Le Grand Bornand 21/12/2024 Poursuite Franziska Preuss Allemagne
81%
2024-2025 Oslo Holmenkollen 21/03/2025 Sprint Franziska Preuss Allemagne
81%
2024-2025 Oslo Holmenkollen 23/03/2025 Mass Start Franziska Preuss Allemagne
81%
2025-2026 Annecy-Le Grand Bornand 21/12/2025 Mass Start Maren Kirkeeide Norvège
75%
2021-2022 Annecy-Le Grand Bornand 18/12/2021 Poursuite Elvira Oeberg Suède
69%
2021-2022 Annecy-Le Grand Bornand 19/12/2021 Mass Start Elvira Oeberg Suède
69%
2021-2022 Ruhpolding 12/01/2022 Sprint Elvira Oeberg Suède
69%
2021-2022 Otepaeae 12/03/2022 Mass Start Elvira Oeberg Suède
69%
2022-2023 Annecy-Le Grand Bornand 17/12/2022 Poursuite Elvira Oeberg Suède
69%
2022-2023 Pokljuka 05/01/2023 Sprint Elvira Oeberg Suède
69%
2022-2023 Pokljuka 07/01/2023 Poursuite Elvira Oeberg Suède
69%
2023-2024 Hochfilzen 09/12/2023 Poursuite Elvira Oeberg Suède
69%
2024-2025 Kontiolahti 08/12/2024 Mass Start Elvira Oeberg Suède
69%
2024-2025 Ruhpolding 19/01/2025 Mass Start Elvira Oeberg Suède
69%
2018-2019 Oslo Holmenkollen 24/03/2019 Mass Start Hanna Oeberg Suède
69%
2019-2020 Pokljuka 26/01/2020 Mass Start Hanna Oeberg Suède
69%
2020-2021 Kontiolahti 29/11/2020 Sprint Hanna Oeberg Suède
69%
2020-2021 Kontiolahti 03/12/2020 Sprint Hanna Oeberg Suède
69%
2021-2022 Oestersund 28/11/2021 Sprint Hanna Oeberg Suède
69%
2022-2023 Kontiolahti 30/11/2022 Individuel Hanna Oeberg Suède
69%
2022-2023 Oslo Holmenkollen 19/03/2023 Mass Start Hanna Oeberg Suède
69%
2025-2026 Annecy-Le Grand Bornand 18/12/2025 Sprint Hanna Oeberg Suède
69%
2025-2026 Oestersund 05/12/2025 Sprint Suvi Minkkinen Finlande
69%
2016-2017 Kontiolahti 10/03/2017 Sprint Tiril Eckhoff Norvège
63%
2016-2017 Oslo Holmenkollen 19/03/2017 Mass Start Tiril Eckhoff Norvège
63%
2017-2018 Antholz-Anterselva 18/01/2018 Sprint Tiril Eckhoff Norvège
63%
2018-2019 Canmore 07/02/2019 Individuel Tiril Eckhoff Norvège
63%
2019-2020 Hochfilzen 15/12/2019 Poursuite Tiril Eckhoff Norvège
63%
2019-2020 Annecy-Le Grand Bornand 20/12/2019 Sprint Tiril Eckhoff Norvège
63%
2019-2020 Annecy-Le Grand Bornand 21/12/2019 Poursuite Tiril Eckhoff Norvège
63%
2019-2020 Annecy-Le Grand Bornand 22/12/2019 Mass Start Tiril Eckhoff Norvège
63%
2019-2020 Ruhpolding 15/01/2020 Sprint Tiril Eckhoff Norvège
63%
2019-2020 Ruhpolding 19/01/2020 Poursuite Tiril Eckhoff Norvège
63%
2019-2020 Nove Mesto Na Morave 08/03/2020 Mass Start Tiril Eckhoff Norvège
63%
2020-2021 Kontiolahti 06/12/2020 Poursuite Tiril Eckhoff Norvège
63%
2020-2021 Hochfilzen 18/12/2020 Sprint Tiril Eckhoff Norvège
63%
2020-2021 Hochfilzen 19/12/2020 Poursuite Tiril Eckhoff Norvège
63%
2020-2021 Oberhof 08/01/2021 Sprint Tiril Eckhoff Norvège
63%
2020-2021 Oberhof 09/01/2021 Poursuite Tiril Eckhoff Norvège
63%
2020-2021 Oberhof 14/01/2021 Sprint Tiril Eckhoff Norvège
63%
2020-2021 Nove Mesto Na Morave 06/03/2021 Sprint Tiril Eckhoff Norvège
63%
2020-2021 Nove Mesto Na Morave 07/03/2021 Poursuite Tiril Eckhoff Norvège
63%
2020-2021 Nove Mesto Na Morave 12/03/2021 Sprint Tiril Eckhoff Norvège
63%
2020-2021 Nove Mesto Na Morave 13/03/2021 Poursuite Tiril Eckhoff Norvège
63%
2020-2021 Oestersund 19/03/2021 Sprint Tiril Eckhoff Norvège
63%
2021-2022 Kontiolahti 06/03/2022 Poursuite Tiril Eckhoff Norvège
63%
2021-2022 Oslo Holmenkollen 18/03/2022 Sprint Tiril Eckhoff Norvège
63%
2021-2022 Oslo Holmenkollen 19/03/2022 Poursuite Tiril Eckhoff Norvège
63%
2015-2016 Hochfilzen 12/12/2015 Poursuite Laura Dahlmeier Allemagne
56%
2015-2016 Pokljuka 19/12/2015 Poursuite Laura Dahlmeier Allemagne
56%
2015-2016 Ruhpolding 09/01/2016 Poursuite Laura Dahlmeier Allemagne
56%
2015-2016 Ruhpolding 10/01/2016 Mass Start Laura Dahlmeier Allemagne
56%
2016-2017 Oestersund 30/11/2016 Individuel Laura Dahlmeier Allemagne
56%
2016-2017 Pokljuka 09/12/2016 Sprint Laura Dahlmeier Allemagne
56%
2016-2017 Pokljuka 10/12/2016 Poursuite Laura Dahlmeier Allemagne
56%
2016-2017 Antholz-Anterselva 19/01/2017 Individuel Laura Dahlmeier Allemagne
56%
2016-2017 Pyeongchang 02/03/2017 Sprint Laura Dahlmeier Allemagne
56%
2016-2017 Pyeongchang 04/03/2017 Poursuite Laura Dahlmeier Allemagne
56%
2016-2017 Kontiolahti 11/03/2017 Poursuite Laura Dahlmeier Allemagne
56%
2017-2018 Annecy-Le Grand Bornand 16/12/2017 Poursuite Laura Dahlmeier Allemagne
56%
2017-2018 Antholz-Anterselva 20/01/2018 Poursuite Laura Dahlmeier Allemagne
56%
2018-2019 Antholz-Anterselva 27/01/2019 Mass Start Laura Dahlmeier Allemagne
56%
2020-2021 Antholz-Anterselva 21/01/2021 Individuel Lisa Theresa Hauser Autriche
56%
2021-2022 Oestersund 02/12/2021 Sprint Lisa Theresa Hauser Autriche
56%
2022-2023 Kontiolahti 03/12/2022 Sprint Lisa Theresa Hauser Autriche
56%
2022-2023 Annecy-Le Grand Bornand 18/12/2022 Mass Start Lisa Theresa Hauser Autriche
56%
2025-2026 Oestersund 07/12/2025 Poursuite Lisa Theresa Hauser Autriche
56%
2015-2016 Pokljuka 18/12/2015 Sprint Marie Dorin Habert France
56%
2016-2017 Oestersund 03/12/2016 Sprint Marie Dorin Habert France
56%
2016-2017 Oberhof 07/01/2017 Poursuite Marie Dorin Habert France
56%
2016-2017 Nove Mesto Na Morave 17/12/2016 Poursuite Anais Chevalier-Bouchet France
50%
2015-2016 Oestersund 06/12/2015 Poursuite Kaisa Makarainen Finlande
44%
2015-2016 Pokljuka 20/12/2015 Mass Start Kaisa Makarainen Finlande
44%
2015-2016 Khanty-Mansiysk 17/03/2016 Sprint Kaisa Makarainen Finlande
44%
2015-2016 Khanty-Mansiysk 19/03/2016 Poursuite Kaisa Makarainen Finlande
44%
2016-2017 Ruhpolding 14/01/2017 Sprint Kaisa Makarainen Finlande
44%
2016-2017 Ruhpolding 15/01/2017 Poursuite Kaisa Makarainen Finlande
44%
2017-2018 Ruhpolding 14/01/2018 Mass Start Kaisa Makarainen Finlande
44%
2017-2018 Tyumen 24/03/2018 Poursuite Kaisa Makarainen Finlande
44%
2018-2019 Pokljuka 08/12/2018 Sprint Kaisa Makarainen Finlande
44%
2018-2019 Pokljuka 09/12/2018 Poursuite Kaisa Makarainen Finlande
44%
2018-2019 Hochfilzen 15/12/2018 Poursuite Kaisa Makarainen Finlande
44%
2019-2020 Oberhof 12/01/2020 Mass Start Kaisa Makarainen Finlande
44%
2023-2024 Antholz-Anterselva 19/01/2024 Individuel Lena Haecki-Gross Suisse
44%
2023-2024 Oslo Holmenkollen 02/03/2024 Mass Start Lena Haecki-Gross Suisse
44%
2022-2023 Annecy-Le Grand Bornand 16/12/2022 Sprint Anna Magnusson Suède
38%
2017-2018 Hochfilzen 08/12/2017 Sprint Darya Domracheva Biélorussie
38%
2017-2018 Antholz-Anterselva 21/01/2018 Mass Start Darya Domracheva Biélorussie
38%
2017-2018 Kontiolahti 09/03/2018 Sprint Darya Domracheva Biélorussie
38%
2017-2018 Oslo Holmenkollen 18/03/2018 Poursuite Darya Domracheva Biélorussie
38%
2017-2018 Tyumen 23/03/2018 Sprint Darya Domracheva Biélorussie
38%
2017-2018 Tyumen 25/03/2018 Mass Start Darya Domracheva Biélorussie
38%
2017-2018 Oestersund 01/12/2017 Sprint Denise Herrmann-Wick Allemagne
38%
2017-2018 Oestersund 03/12/2017 Poursuite Denise Herrmann-Wick Allemagne
38%
2018-2019 Soldier Hollow 16/12/2019 Poursuite Denise Herrmann-Wick Allemagne
38%
2019-2020 Pokljuka 24/01/2020 Individuel Denise Herrmann-Wick Allemagne
38%
2019-2020 Nove Mesto Na Morave 05/03/2020 Sprint Denise Herrmann-Wick Allemagne
38%
2019-2020 Kontiolahti 13/03/2020 Sprint Denise Herrmann-Wick Allemagne
38%
2021-2022 Kontiolahti 05/03/2022 Sprint Denise Herrmann-Wick Allemagne
38%
2022-2023 Hochfilzen 08/12/2022 Sprint Denise Herrmann-Wick Allemagne
38%
2022-2023 Antholz-Anterselva 21/01/2023 Poursuite Denise Herrmann-Wick Allemagne
38%
2022-2023 Oslo Holmenkollen 18/03/2023 Sprint Denise Herrmann-Wick Allemagne
38%
2020-2021 Oestersund 21/03/2021 Mass Start Ingrid Landmark Tandrevold Norvège
38%
2023-2024 Hochfilzen 08/12/2023 Sprint Ingrid Landmark Tandrevold Norvège
38%
2023-2024 Ruhpolding 12/01/2024 Sprint Ingrid Landmark Tandrevold Norvège
38%
2023-2024 Oslo Holmenkollen 01/03/2024 Individuel Ingrid Landmark Tandrevold Norvège
38%
2024-2025 Nove Mesto Na Morave 07/03/2025 Sprint Ingrid Landmark Tandrevold Norvège
38%
2018-2019 Antholz-Anterselva 24/01/2019 Sprint Marketa Davidova République Tchèque
38%
2021-2022 Oestersund 27/11/2021 Individuel Marketa Davidova République Tchèque
38%
2024-2025 Kontiolahti 07/12/2024 Sprint Marketa Davidova République Tchèque
38%
2024-2025 Oberhof 09/01/2025 Sprint Paula Botet France
38%
2018-2019 Nove Mesto Na Morave 21/12/2018 Sprint Marte Olsbu Roeiseland Norvège
31%
2018-2019 Nove Mesto Na Morave 22/12/2018 Poursuite Marte Olsbu Roeiseland Norvège
31%
2018-2019 Soldier Hollow 14/02/2019 Sprint Marte Olsbu Roeiseland Norvège
31%
2019-2020 Oberhof 09/01/2020 Sprint Marte Olsbu Roeiseland Norvège
31%
2020-2021 Hochfilzen 13/12/2020 Poursuite Marte Olsbu Roeiseland Norvège
31%
2020-2021 Hochfilzen 20/12/2020 Mass Start Marte Olsbu Roeiseland Norvège
31%
2020-2021 Oestersund 20/03/2021 Poursuite Marte Olsbu Roeiseland Norvège
31%
2021-2022 Oestersund 04/12/2021 Poursuite Marte Olsbu Roeiseland Norvège
31%
2021-2022 Hochfilzen 12/12/2021 Poursuite Marte Olsbu Roeiseland Norvège
31%
2021-2022 Annecy-Le Grand Bornand 16/12/2021 Sprint Marte Olsbu Roeiseland Norvège
31%
2021-2022 Oberhof 07/01/2022 Sprint Marte Olsbu Roeiseland Norvège
31%
2021-2022 Oberhof 09/01/2022 Poursuite Marte Olsbu Roeiseland Norvège
31%
2021-2022 Ruhpolding 16/01/2022 Poursuite Marte Olsbu Roeiseland Norvège
31%
2022-2023 Nove Mesto Na Morave 03/03/2023 Sprint Marte Olsbu Roeiseland Norvège
31%
2022-2023 Nove Mesto Na Morave 04/03/2023 Poursuite Marte Olsbu Roeiseland Norvège
31%
2017-2018 Hochfilzen 09/12/2017 Poursuite Anastasiya Kuzmina Slovaquie
25%
2017-2018 Annecy-Le Grand Bornand 14/12/2017 Sprint Anastasiya Kuzmina Slovaquie
25%
2017-2018 Oberhof 04/01/2018 Sprint Anastasiya Kuzmina Slovaquie
25%
2017-2018 Oberhof 06/01/2018 Poursuite Anastasiya Kuzmina Slovaquie
25%
2017-2018 Oslo Holmenkollen 15/03/2018 Sprint Anastasiya Kuzmina Slovaquie
25%
2018-2019 Nove Mesto Na Morave 23/12/2018 Mass Start Anastasiya Kuzmina Slovaquie
25%
2018-2019 Ruhpolding 17/01/2019 Sprint Anastasiya Kuzmina Slovaquie
25%
2018-2019 Oslo Holmenkollen 21/03/2019 Sprint Anastasiya Kuzmina Slovaquie
25%
2018-2019 Oslo Holmenkollen 23/03/2019 Poursuite Anastasiya Kuzmina Slovaquie
25%
2015-2016 Oestersund 05/12/2015 Sprint Gabriela Koukalova République Tchèque
25%
2015-2016 Ruhpolding 16/01/2016 Mass Start Gabriela Koukalova République Tchèque
25%
2015-2016 Presque Isle 11/02/2016 Sprint Gabriela Koukalova République Tchèque
25%
2015-2016 Presque Isle 12/02/2016 Poursuite Gabriela Koukalova République Tchèque
25%
2016-2017 Oestersund 04/12/2016 Poursuite Gabriela Koukalova République Tchèque
25%
2016-2017 Nove Mesto Na Morave 18/12/2016 Mass Start Gabriela Koukalova République Tchèque
25%
2016-2017 Oberhof 06/01/2017 Sprint Gabriela Koukalova République Tchèque
25%
2016-2017 Oberhof 08/01/2017 Mass Start Gabriela Koukalova République Tchèque
25%
2024-2025 Annecy-Le Grand Bornand 22/12/2024 Mass Start Selina Grotian Allemagne
25%
2018-2019 Pokljuka 06/12/2018 Individuel Yuliia Dzhima Ukraine
25%
2016-2017 Oslo Holmenkollen 17/03/2017 Sprint Mari Eder Finlande
19%
2016-2017 Oslo Holmenkollen 18/03/2017 Poursuite Mari Eder Finlande
19%
2017-2018 Oestersund 29/11/2017 Individuel Nadezhda Skardino Biélorussie
19%
2020-2021 Hochfilzen 11/12/2020 Sprint Dzinara Alimbekava Biélorussie
13%
2015-2016 Hochfilzen 11/12/2015 Sprint Franziska Hildebrand Allemagne
13%
2015-2016 Ruhpolding 08/01/2016 Sprint Franziska Hildebrand Allemagne
13%
2021-2022 Hochfilzen 10/12/2021 Sprint Hanna Sola Biélorussie
13%
2015-2016 Antholz-Anterselva 23/01/2016 Poursuite Ekaterina Yurlova-Percht Russie
6%
2016-2017 Antholz-Anterselva 21/01/2017 Mass Start Nadine Horchler Allemagne
6%
2015-2016 Canmore 05/02/2016 Sprint Olena Bilosiuk Ukraine
6%
2015-2016 Antholz-Anterselva 21/01/2016 Sprint Olga Podchufarova Russie
6%
2017-2018 Kontiolahti 11/03/2018 Mass Start Vanessa Hinz Allemagne
6%
2016-2017 Nove Mesto Na Morave 16/12/2016 Sprint Tatiana Akimova Russie
0%
No matching quizzes found
Score Distribution
Percent of People with Each Score
Percentile by Number Answered
Your Score History
You have not taken this quiz